000 00856nam a2200217Ia 4500
001 16720
003 GE_BSU
008 181216s||||||||xx |||||||||||||| ||und||
040 _cGE_BSU
080 _a821.161.1-31
100 _aვასილიევი, არკ.
245 _aდღის პირველ საათზე, თქვენო აღმატებულებავ...წ. 2
245 _bრომანი
245 _cთარგმნეს ნ. მეგრელიშვილმა და შ. როყვამ. რედ. ო.გოგუაძე
260 _aბათუმი
260 _c1976
300 _a215 გვ.22სმ.
653 _aდღის პირველ საათზე, თქვენო აღმატებულებავ...
653 _aრომანი
942 _cBK
999 _c49785
_d49785